Deleted Wikipedia Articles III Quiz Stats

 Plays Quiz Updated Sep 5, 2018

Score 0/25 Timer 05:00
1 Play Today
% Correct
Romania
93.6%
Dare
92.9%
Switching
92.9%
Letters
92.4%
Fit
92.1%
Exist
91.3%
Ated
91.2%
Osiris
91%
Macaroni
90.9%
Sleep
90.4%
Pointless
90.2%
Games
89%
Explosions
88.7%
% Correct
Wars
87%
Fun
85.8%
Lock
85.3%
Revenue
84.8%
Pirates
83.7%
Corridor
83.5%
Infrastructure
81.9%
Family
81.9%
Buildings
78.7%
Idiot
78.6%
Pants
73%
Particle
72.2%

You're not logged in!

Compare scores with friends on all Sporcle quizzes.
OR
Log In

Sporcle TV

Today on Sporcle TV


Watch our educational content, quiz creation guides, and fun videos on Sporcle TV.

Show Comments

Extras

Top Quizzes Today


Score Distribution

Your Account Isn't Verified!

In order to create a playlist on Sporcle, you need to verify the email address you used during registration. Go to your Sporcle Settings to finish the process.

Report this User

Report this user for behavior that violates our Community Guidelines.

Details: